| 000 | 00746nam a2200241 i 4500 | ||
|---|---|---|---|
| 001 | bgj | ||
| 100 | 1 | _aCULKIN, Christopher | |
| 245 | 1 | 0 |
_aMaking Modern Britain / _cChristopher Culkin with Brian Turner. |
| 250 | _a6th reprint. | ||
| 260 |
_aLondon : _bCollins Educational, _c1997. |
||
| 300 |
_a[2], 282 pp : _bill., maps, facsims, plans, ports ; _c28 cm. |
||
| 500 | _a1st published in 1987. | ||
| 505 | _aIncludes index. | ||
| 650 | 9 |
_aBritish history _xSocial conditions _y1714- |
|
| 650 | 9 |
_aBritish history _xEconomical conditions _y1714- |
|
| 700 | 1 |
_aTURNER, Brian. _eco-author |
|
| 020 | _a0003272575 | ||
| 040 | _cBPK | ||
| 041 | 0 | _aeng | |
| 920 | _a0-00-327257-5 | ||
| 942 | _cKS | ||
| 008 | s uk f |000 0 eng | ||
| 999 |
_c49277 _d49277 |
||
| 856 |
_uhttp://koha.tu.koszalin.pl/cgi-bin/koha/opac-detail.pl?biblionumber=49277 _yKatalog online BPK |
||